Najwięksi partnerzy handlowi Polski - Statystyki

Ogólne statystyki
  • Ten quiz został rozwiązany 61 razy
  • Średni wynik to 9 z 10
Statystyki odpowiedzi
% Kraj % Poprawnych
19,8 Niemcy
100%
4,4 USA
100%
13,9 Chiny
98%
3,3 Francja
96%
3,2 Czechy
92%
4,9 Włochy
92%
4,1 Holandia
84%
2,3 Belgia
80%
2,4 Norwegia
67%
2,8 Korea Płd.
59%
Nie znaleziono quizów pasujących do podanych kryteriów
Rozkład punktacji
Procent ludzi z każdym wynikiem
Percentyl według liczby udzielonych odpowiedzi
Twoja historia wyników
Nie rozwiązałeś tego quizu